00327pab a2200133 454500008004000000100002000040245005000060260000900110300001300119362000800132650001400140700002300154773001600177180718b2011 xxu||||| |||| 00| 0 eng d aPattanaik, B.K. aSarva Shikhya Abhiyan and inclusive education c2011 ap.16-19. aMay aEducation aSingh, Madan Mohan aKurukshetra